| 000 | 00578nam a22001937a 4500 | ||
|---|---|---|---|
| 005 | 20251108170534.0 | ||
| 008 | 250721s2003 xx 000 0 ara d | ||
| 082 | 1 | 4 | _a370.1/عين |
| 100 | 1 | _aأبو العنينين، علي | |
| 245 | 1 | 0 |
_aالأصول الفلسفية للتربية : _bقراءات و دراسات / |
| 264 | 1 |
_aعمان : _c2003. |
|
| 300 | _a448ص | ||
| 650 | 1 | 7 | _aفلسفة التربية |
| 650 | 1 | 7 | _aالنظرية التربوية |
| 700 | 1 | _aفريح، محمد | |
| 700 | 1 | _aبركات، هاني | |
| 942 |
_2ddc _cBK |
||
| 999 |
_c42999 _d42999 |
||